King Henry I of England - Statistics

General Stats
  • This quiz has been taken 20 times
  • The average score is 7 of 12
Answer Stats
Hint Answer % Correct
Faced several uprisings in this modern-day British constituent country Wales
86%
Named this daughter as heir to the English throne Matilda
79%
Defeated his brother Robert to gain control of this territory Normandy
79%
Succeeded this king, after witnessing the hunting 'accident' that killed him William II
79%
Another of Henry's nephews who would break his oath to his uncle and be crowned King of England in 1135 Stephen of Blois
71%
Had at least this many illegitimate children 22
64%
Defeated this King of France at the Battle of Brémule Louis VI
57%
William, his son and heir, tragically died aboard this vessel White Ship
57%
Supposedly died after eating too many of this eel-like fish Lamprey
50%
His first wife Matilda of {Scotland}
50%
... who gained the title 'Empress' from her first marriage to this ruler Henry V, Holy Roman Emperor
43%
... who was supporting this nephew of Henry's William {Clito}
14%
No matching quizzes found
Score Distribution
Percent of People with Each Score
Percentile by Number Answered
Your Score History
You have not taken this quiz